Middle age : the prime of life? /

Bibliographic Details
Main Author: Lowenthal, Marjorie Fiske
Format: Book
Language:English
Published: New York : Harper & Row, [1979]
Series:Life cycle series.
Subjects:

MARC

Tag First Indicator Second Indicator Subfields
LEADER 00000cam a2200000 a 4500
001 in00000073573
005 20151008053525.0
008 800228r1979 nyua b 00110 eng d
020 |a 0063847493 (pbk.) :  |c $4.95 
035 |a (OCoLC)06032050 
035 |9 AAH7713AM 
040 |a TMI  |c TMI  |d m.c.  |d OCL  |d TXA  |d UtOrBLW 
049 |a TXAM  |c [1803441] 
090 |a BF724.55.A35  |b L4 1979 
100 1 |a Lowenthal, Marjorie Fiske. 
245 1 0 |a Middle age :  |b the prime of life? /  |c Marjorie Fiske. 
264 1 |a New York :  |b Harper & Row,  |c [1979] 
264 4 |c ©1979 
300 |a 128 pages :  |b illustrations (some color) ;  |c 23 cm. 
336 |a text  |b txt  |2 rdacontent 
337 |a unmediated  |b n  |2 rdamedia 
338 |a volume  |b nc  |2 rdacarrier 
490 1 |a The Life cycle series 
500 |a "A life cycle book." 
500 |a Includes index. 
504 |a Bibliography: pages 120-123. 
650 0 |a Aging  |x Psychological aspects. 
650 0 |a Aging  |x Social aspects. 
650 0 |a Old age. 
830 0 |a Life cycle series. 
999 |a MARS 
999 f f |s 139d8d2e-d9f0-3972-9d76-eb410bcb0292  |i e1165a76-005d-364a-8024-1c0bd5946578  |t 0 
952 f f |p ric  |a Texas A&M University  |b Rellis Campus  |c Joint Library Facility  |d Remote Storage  |t 0  |e BF724.55.A35 L4 1979  |h Library of Congress classification  |i unmediated -- volume  |m A14806088419 
998 f f |a BF724.55.A35 L4 1979  |t 0  |l Remote Storage